000 00733nam a2200289Ia 4500
005 20260324123928.0
008 008 260324s9999 xx 000 0 eng d
020 _a9781315067261
037 _aEBOOK
040 _aCRL
040 _beng
040 _cCRL
041 _2eng
041 _aeng
084 _qCRL
100 _aIan Davis; Steve Bender; Fred Krimgold; Franklin McDonald
_91172195
245 0 _aReducing Disaster Risks
245 0 _bProgress and Challenges in the Caribbean Region
260 _bTaylor and Francis
260 _c2011
365 _a
365 _b230
856 _uhttp://www.taylorfrancis.com/books/9781315067261
942 _cEBOOK
999 _c1766134
_d1766134